NAFTA y MERCOSUR: procesos de apartura económica y trabajo /

Zapisane w:
Opis bibliograficzny
1. autor: Garza Toledo, Enrique de la
organizacja autorów: Consejo Latinoamericano de Ciencias Sociales, CLACSO Agencia Sueca de Desarrollo Internacional Asdi CLACSO. Grupos de trabajo Trabajo, sujetos y organizaciones laborales
Kolejni autorzy: comp Salas, Carlos comp
Format: Texto
Wydane: Buenos Aires: CLACSO
Hasła przedmiotowe:
Etykiety: Dodaj etykietę
Nie ma etykietki, Dołącz pierwszą etykiete!

MARC

LEADER 00000 a a2200000 04500
001 29766
003
040
020 |a 950-9231-89-4  
090 |a 193301  
100 |a Garza Toledo, Enrique de la  
110 |a Consejo Latinoamericano de Ciencias Sociales  
245 |a NAFTA y MERCOSUR: procesos de apartura económica y trabajo /  |c Consejo Latinoamericano de Ciencias Sociales  
260 |a Buenos Aires:   |b CLACSO  
300 |a 242 p  
650 |a LIBERALIZACION DEL INTERCAMBIO  
650 |a MERCADO DE TRABAJO  
650 |a NEGOCIACIONES COMERCIALES  
650 |a CONSECUENCIAS ECONOMICAS  
650 |a COMERCIO INTERNACIONAL  
650 |a ESTADISTICAS COMERCIALES  
650 |a ESTADISTICAS DE EMPLEO  
700 |a comp   |a Salas, Carlos   |a comp  
710 |a CLACSO   |a Agencia Sueca de Desarrollo Internacional   |a Asdi   |a CLACSO. Grupos de trabajo Trabajo, sujetos y organizaciones laborales  
999 |c 5266  |d 5266